00223nam a22000977a 4500008004100000082001600041100000800057245003000065260002100095300000900116230620b xxu||||| |||| 00| 0 eng d a316.76bCBS cCBS aStatistical Abstract 1984 aKenyabCBSc1984 a335p